| 000 | 00699nam a22002297a 4500 | ||
|---|---|---|---|
| 005 | 20170124110236.0 | ||
| 010 | _aA-297102 | ||
| 020 |
_c00.00 _a0706424379 |
||
| 035 | _aA-297102 | ||
| 037 | _bCen Lib/Ret | ||
| 040 |
_aDPL _bEN |
||
| 082 |
_a591.5 _bCAR |
||
| 100 |
_aCarwardine, Mark _942024 |
||
| 245 |
_aThe encyclopedia of world wildlife : _cby Mark Carwardine _b a survey of animals and their habitats / |
||
| 260 |
_aLondon _bOctopus Books _c1986 |
||
| 270 |
_bLondon _a59 Grosvenor Street |
||
| 300 |
_a160p. : _c30m(Hb) _bcol.ill. |
||
| 500 | _aIncludes index | ||
| 650 |
_aZoology _9111298 |
||
| 650 |
_aHabitat (Ecology) _942026 |
||
| 942 |
_2ddc _cEN _h591.5 _mCAR |
||
| 999 |
_c134869 _d134869 |
||